Shatte-kännivisa - Statistics

Yleistilastot
  • Tätä visaa on pelattu 33 kertaa
  • Keskiarvotulos 20 / 24
Vastaustilastot
Hint Vastaus % Oikein
Nevantie _ 8
94%
Mikä on Anton Ahon lempijuoma? Gambina
94%
Kuka löysi jalkapallon? Jaakko K
94%
Trollipoju Jonttu
94%
Kuka oksensi graniitilla Jolene-illan jälkeen? Jussi
94%
Kenestä löytyy K18 materiaali koppisen koneelta? (gopro) Onni
94%
Löysi itsensä kanootista mökkireissulla? Tuure
94%
Tunnetuin lippis? Awesome
89%
"Käyn eka suihkus" Eemeli
89%
Nukahti kolmiopuistoon? Jaakko V
89%
Kenen talon ikkunaan lensi tuoli? Jeremy
89%
Vapahtaja Aaro
83%
Kuka meinasi halvaantua? Aleksis
83%
Ketä lyötiin Jussilla? Joni
83%
Gambinailtaa vietettiin... Jussilla
83%
Aamusiivous ei niin sanotusti viettele Lauri
83%
Olut-expertti (ei vitus oo) Markus
83%
Myy Riihimäen kosteinta klapia Markus
83%
Keneltä kuulee liian usein lausahduksen "Ois bileinffo, mut en voi kyl kertoo" Tony
83%
___ ja Migi Lööga
78%
Mikä lätsä arvottiin Shutdown fanille? Superman
78%
Grillikausi avataan... Jonilla
61%
Hyvää joulua toivottaa ____ _____ Lauri lahti
56%
Mikä tää ____ on? äijä
50%
Ehtoja vastaavia visoja ei löytynyt
Tulosjakauma
Jokaisen tuloksen saaneiden osuus
Persentiili vastausten määrän mukaan
Tuloshistoriasi
Et ole pelannut tätä visaa